1552 1268 1786 1525 1483 1361 1378 1990 1791 1589 1470 1536 1269 1874 1446 1947 1891 1853 1086 1399 1299 1666 1756 1555 1651 1077 1336 1462 1103 1153 1191 1548 1313 1758 1779 1970 1918 1754 1291 1221 1453 1063 1911 1395 1861 1564 1649 1133 1513 1363 1047 1368 1968 1639 1431 1200 1158 1674 1789 1083 1618 1700 1761 1229 1724 1565 1925 1736 1056 1150 1235 1371 1615 1462 1114 1051 1193 2000 1585 1228 1822 1079 1727 1637 1190 1270 1138 1819 1687 1156 1827 1533 1961 1975 1762 1854 1996 1328 1748 BCNSPRNW ULIB Ver.6.0+V

เปลี่ยนเป็นภาษาไทย

Change to English
 แสดงรายละเอียดบรรณานุกรม
  กลับหน้าหลัก

Brief Record : Get Marc (ISO 2709) : E-mail record : QR code < ปิดหน้าต่าง
LEADER : 00000nam 2200000uu 4500
001    13399108455
003     ULIB
008    110304s2551||||th 000 0 tha d
020    9745737887
060 04 WO149^bว442ภ 2551
100 0  วัลภา คุณทรงเกียรติ
245 10 ภาวะช็อคและการพยาบาล =^bShock and nursing care /^cวัลยาคุณทรงเกียรติ
246 31 Shock and nursing care
250    พิมพ์ครั้งที่ 3
260    ชลบุรี :^bภาควิชาการพยาบาลอายุรศาสตร์และศัลยศาสตร์คณะพยาบาลศาสตร์ มหาวิทยาลัยบูรพา,^c2551
300    ช, 149 หน้า :^bภาพประกอบ ;^c27 ซม.
500 ตำ ราเล่มนี้ได้รับการสนับสนุนงบประมาณจากโครงการตำราคณะพยาบาลศาสตร์มหาวิทยาลัยบูรพา
650  7 ช็อค^xการพยาบาล
650  7 ภาวะฉุกเฉิน^xการพยาบาล
710 2  มหาวิทยาลัยบูรพา.^bภาควิชาการพยาบาลอายุรศาสตร์และศัลยศาสตร์
945    ^p180^l0^i027292
945    ^p180^l0^i025894
945    ^p180^l0^i025893
945    ^p180^l0^i025892
995    ทศพร
999 ^a ใช้งานได้ทุกระบบ
รายการนี้ยังไม่มีแท็ก
คุณยังไม่ได้ล็อกอิน คุณสามารถมีกิจกรรมร่วมกับเว็บไซต์ได้ แต่ต้องล็อกอินก่อน ::
  ล็อกอิน

รายการสื่อสารสนเทศ

ลำดับที่ ประเภท เลขเรียก/บาร์โค้ด สถานที่ สถานะ
- ไม่พบข้อมูล -

รายการใกล้เคียง
    ผู้แต่ง [วัลภา คุณทรงเกียรติ]

BibComment


ยังไม่เคยถูกคอมเมนท์

คอมเมนท์ทรัพยากรรายการนี้
  คอมเมนท์: ภาวะช็อคและการพยา..


 Copyright 2026. Bcnsprnw @Library